000 00342nam a2200145Ia 4500
008 230312s9999||||xx |||||||||||||| ||und||
020 _a0-470-18757-9
082 _a004
_bSCO-P
100 _aWignall;Jeff
245 0 _aExposure Photo Workshop
260 _bWiley
_aUSA
_c2008
300 _a1649
650 _aComputer
_vComputer
942 _cBK
999 _c15182
_d15182